100 personages d'Arrow - Statistiques

Statistiques générales
  • Ce quiz a été pris 587 fois
  • Le résultat moyen est 32 sur 100
Statistiques - réponses
Hint Réponse % Correct
1 Oliver Queen / Green Arrow
95%
6 Thea Queen / Speedy
88%
2 John Diggle / Spartan
82%
5 Moira Queen
77%
3 Felicity Smoak / OverWatch
76%
7 Laurel Lance / Black Canary
76%
53 John Diggle Jr
75%
8 Sara Lance
72%
4 Robert Queen
71%
68 Emiko Queen / Red Arrow
69%
11 Quentin Lance
69%
35 Barry Allen / Flash
67%
13 Roy Harper / Arsenal
67%
66 Mia Queen / Blackstar
63%
10 Tommy Merlyn
59%
14 Slade Wilson / Deathstroke
57%
9 Malcom Merlyn / Dark Archer
55%
57 Damien Darhk
53%
37 Ra's Al Ghul
53%
12 Dinah Lance
49%
44 Ray Palmer / ATOM
48%
46 Rene Ramirez / Wild Dog
48%
72 Adrian Chase / Prometheus
47%
54 Andy Diggle
46%
48 Dinah Drake / Black Canary
46%
56 Nyssa Al Ghul
46%
52 Sara Diggle
44%
51 Donna Smoak
43%
16 Shado
43%
22 Carly Diggle
42%
47 Curtis Holt / Mr Terrific
39%
55 Talia Al Ghul
38%
76 Ricardo Diaz / Dragon
36%
39 Amanda Waller / Mockingbird
33%
67 William Clayton
33%
60 Nora Darhk
32%
17 Chien Na Wei / China White
29%
38 Grant Wilson
29%
70 Zoe Ramirez
29%
58 Floyd Lawton / Deadshot
28%
23 Helena Bertinelli / Huntress
27%
28 Sebastian Blood / Brother blood
27%
49 Evelyn Sharp / Artemis
26%
25 Adam Hunt
25%
30 Lyla Michaels / Harbinger
25%
75 Samantha Clayton
25%
88 Doris Chase
24%
80 Mar Novu / Monitor
23%
73 Black Siren
22%
97 John Constantine
22%
40 Maseo Yamashiro / Sarab
22%
27 Walter Steele
22%
43 Carrie Cutter / Cupidon
21%
77 Cayden James
21%
31 Isabel Rochev / Ravager
21%
41 Tatsu Yamashiro / Katana
21%
18 Benjamin Turner / Bronze Tiger
20%
24 Frank Bertinelli
20%
36 Sin
20%
100 Vincent Sobel / Vigilante
20%
42 Akio Yamashiro
19%
29 Antony Ivo
19%
32 Cecil Adams / Comte Vertigo
19%
69 Conor Hawke
19%
98 Mari Jiwe McCabe / Vixen
19%
33 Anatoly Knyazev
18%
81 Danny Brickwell / Brick
18%
50 Rory Regan / Ragman
18%
19 Edward Fyers
17%
59 Ruvé Adams
17%
95 Lonnie Machin / Anarky
16%
82 Noah Kuttler / Calculateur
16%
99 Dante
15%
74 Digger Harkness / Captain Boomerang
15%
26 Frank Pike
15%
71 Tobias Church
15%
96 Alex Davis
14%
61 Konstantin Kovar
14%
34 Adam Donner
13%
63 Baron Reiter
13%
65 Billy Malone
13%
21 Billy Wintergreen
13%
83 Cooper Seldon
13%
85 Cyrus Gold
13%
20 Joanna De La Vega
13%
84 Raisa
13%
79 Samandra Watson
13%
86 Cyrus Vanch
12%
89 Derek Sampson
12%
78 Ishmael Gregor
12%
93 Jeremy Tell / Double Down
12%
90 Nick Salvati
12%
87 Peter Declan
12%
92 Stanley Dover
12%
94 Elisa Schwartz
11%
91 Eric Cartier
11%
45 Matthew Shrieve
11%
15 Yao Fei Gulang
11%
62 Taiana Venediktov
10%
64 Conklin
9%
Aucun quiz correspondant
Distribution des résultats
% des personnes avec chaque résultat
Percentile par nombre de réponses
Votre historique - résultats
Vous n’avez pas pris ce quiz